| 000 | 00962cam a2200253 4500 | ||
|---|---|---|---|
| 001 | sa 68010789 | ||
| 003 | DLC | ||
| 005 | 20260227112555.0 | ||
| 008 | 870708m19009999ii ac 000 0 maro | ||
| 010 | _asa 68010789 | ||
| 040 |
_aDLC _cDLC _dDLC |
||
| 041 | 0 | _amareng | |
| 050 | 0 | 0 |
_aDS481.B36 _bA2 1967 |
| 100 | 1 |
_aBapat, Pandurang Mahadeo, _d1880-1967. |
|
| 245 | 1 | 0 |
_aSenāpatī Bāpaṭa samagra grantha. _cSampādaka Jīvana Kirloskara [āṇi itara]. |
| 250 | _a[Prathamāvr̥tti] | ||
| 260 |
_aMumbai, _bVamana Paṇḍuraṅga Bapaṭa _c<1967-1988 > |
||
| 300 |
_av. <2-4 > : _bill., ports. ; _c23 cm. |
||
| 500 | _aEnglish and Marathi. | ||
| 500 | _aVol. 2-<4 > has title: Senāpatī Bāpaṭa vāṅmaya samagra grantha. | ||
| 500 | _aVols. 2-<4 > have imprint: Mumbaī : Mahārāshṭra Rājya Sāhitya Sāskr̥ti Maṇḍaḷa. | ||
| 700 | 1 |
_aKirloskara, Jīvana, _d1941- |
|
| 740 | 0 | _aSenāpatī Bāpaṭa vāṅmaya samagra grantha. | |
| 999 |
_c83547 _d83547 |
||